000 01643nam a22004217a 4500
001 000095895
003 CHAP
005 20220329143128.0
008 060605d2006 mx r 00110 spa d
010 _a92361
011 _a93333
035 _a103905
040 _cCHAP
090 _aTesis
100 1 _aGonzález Hernández, José Luis.
_949042
245 1 0 _aEstudio comparativo de la eficiencia académica de los estudiantes de la DICEA provenientes de la preparatoria y del propedeútico de la UACH, del 2001 al 2005 /
_c/por José Luis González Hernández.
260 _aChapingo, Méx. :
_bEl autor,
_c2006.
300 _a95 h.
502 _aTesis (Ing. Agr. esp. en Economía Agrícola) -- UACH. División de Ciencias Económico Administrativas
590 _aALEPH
_b10
_c20130110
_lUCH01
_h1512
590 _aBATCH-UPD
_b10
_c20130110
_lUCH01
_h0834
590 _aBATCH-UPD
_b10
_c20130410
_lUCH01
_h0512
590 _aBATCH-UPD
_b10
_c20130914
_lUCH01
_h1740
590 _aBATCH-UPD
_b10
_c20140324
_lUCH01
_h1457
590 _aBATCH-UPD
_b10
_c20141002
_lUCH01
_h0830
590 _aCONVERSION
_b10
_c20130109
_lUCH01
_h1351
590 _aE5765TAJ
_b10
_c20130606
_lUCH01
_h1142
650 1 4 _aMaestros
_xEvaluación.
_969755
650 1 4 _aUACH
_xEstudiantes.
_9115802
650 1 4 _aUACH
_xProfesores.
_9115806
856 _3Finding aid
_uhttp://10.13.5.2/tesis/103905.pdf
_zTeclea aquí
901 _aBK
905 _aAlejandra Carrasco M.
942 _cCD
942 _n0
949 _aTesis
_bBC
_cTES
_d00000001039051
_eTS1
_gDonaciØn
_h45355
_i103905
_sb
949 _aTesis
_bBC
_cTES
_d33724000992152
_eTS2
_fc.2
_gDonaciØn
_h45356
_i103905
_sb
999 _c92361
_d92361